Régimen electoral
ISBN:
84-470-1082-1
Descripción Física:
188 p. ; 16 cm
Colección:
Biblioteca de legislación. Serie menor ; 117
Otros Autores:
Espanya. Ley de Régimen Local (1985)
MARC
| LEADER | 00000nam a2200000Ia 4500 | ||
|---|---|---|---|
| 001 | 20503 | ||
| 008 | 160829s1998 xx 000 0 cat d | ||
| 020 | |a 84-470-1082-1 | ||
| 080 | |a D-4-9 | ||
| 245 | |a Régimen electoral | ||
| 250 | |a 2a ed. | ||
| 260 | |a Madrid : |b Civitas, |c 1998 | ||
| 300 | |a 188 p. ; |c 16 cm | ||
| 490 | |a Biblioteca de legislación. Serie menor ; 117 | ||
| 650 | |a Dret electoral |x Legislació |x Espanya |9 40999 | ||
| 650 | 0 | |a Administració local |x Dret i legislació |z Espanya |9 11255 | |
| 700 | |a Espanya. Ley de Régimen Local (1985) |9 45758 | ||
| 901 | |a Arxiu | ||
| 942 | |n 1 | ||
| 952 | |0 1 |1 0 |2 udc |4 0 |5 2 |6 D49 |7 1 |9 52794 |a Arxiu |b Arxiu |d 2016-12-01 |l 0 |o D-4-9 |p 20503 |r 2016-12-01 00:00:00 |w 2016-12-01 |y ARXIU | ||
| 999 | |c 56643 |d 56643 | ||